书目信息 |
| 题名: |
投资学
|
|
| 作者: | 威廉.F.夏普 ;赵锡军 译 | |
| 分册: | 上 | |
| 出版信息: | 北京 中国人民大学出版社 1998 |
|
| 页数: | 342 | |
| 开本: | 26cm | |
| 丛书名: | 工商管理经典译丛 | |
| 单 册: | ||
| 中图分类: | F283 | |
| 科图分类: | ||
| 主题词: | 基本建设经济学 , 基本建设经济 , 基本建设 , 基本建设优化学 | |
| 电子资源: | ||
| ISBN: | 7-300-02444-0 | |
| 000 | 00756nam0 2200253 450 | |
| 001 | 0760515518 | |
| 005 | 20070817164835.51 | |
| 010 | @a7-300-02444-0@d¥38.00 | |
| 100 | @a20070817d km y0chiy0120 ea | |
| 101 | 0 | @achi |
| 200 | 1 | @a投资学@Atou zi xue@h上@f(美)威廉.F.夏普等@F(mei)wei lian.F.xia pu deng@g赵锡军等译@Gzhao xi jun deng yi |
| 210 | @a北京@c中国人民大学出版社@d1998 | |
| 215 | @a342@d26cm | |
| 225 | 2 | @a工商管理经典译丛 |
| 410 | 0 | @12001 @a工商管理经典译丛 |
| 606 | 0 | @a基本建设经济学 |
| 606 | 0 | @a基本建设经济 |
| 606 | 0 | @a基本建设 |
| 606 | 0 | @a基本建设优化学 |
| 690 | @aF283@v3 | |
| 701 | 0 | @a威廉.F.夏普@Awei lian.F.xia pu |
| 702 | 0 | @a赵锡军@Azhao xi jun@4译 |
| 801 | 0 | @aCN@bPFT@c20070817 |
| 905 | @a213230@dF283@eg1:1@f1 | |
| 投资学.上/(美)威廉.F.夏普等/赵锡军等译.-北京:中国人民大学出版社,1998 |
| 342;26cm.-(工商管理经典译丛) |
| ISBN 7-300-02444-0:¥38.00 |
| ● |
| 相关链接 |
|
|
|
|
正题名:投资学
索取号:F283/g1:1
 
预约/预借
| 序号 | 登录号 | 条形码 | 馆藏地/架位号 | 状态 | 备注 |
| 1 | 6502215 | 265022156 | 密集书库-海洋学院/ [索取号:F283/g1:1] | 在馆 | |
| 2 | 6502216 | 265022165 | 密集书库-海洋学院/ [索取号:F283/g1:1] | 在馆 | |
| 3 | 6502217 | 265022174 | 密集书库-海洋学院/ [索取号:F283/g1:1] | 在馆 |